| 000 | 01396nam a2200241 i 4500 | ||
|---|---|---|---|
| 001 | 187512 | ||
| 003 | ES-MaACL | ||
| 005 | 20230906222940.0 | ||
| 008 | 171020s1928 fr |||| | fre d | ||
| 245 | 0 | 3 |
_aLa vie parisienne au XVIIIe siècle _b: conférences du Musée Carnavalet (1928) / _cpar Abel Hermant, F. Funck-Brentano, Franc Nohain... [et al.]. |
| 260 |
_aParis : _bPayot, _c1928. |
||
| 300 |
_a260 p., 16 h. de lám. : _bil. ; _c23 cm. |
||
| 490 | 1 | _aConférences du Musée Carnavalet | |
| 505 | 8 | _aContiene: Le XVIIIe siècle vivant / par A. Hermant. - La vie populaire à Paris au XVIIIe siècle / par F. Funck-Brentano. - Les promenades à la mode / par Franc-Nohain. - La table au XVIIIe siècle / par P. Reboux. - La vie de famille au XVIIIe s. / par A. E. Sorel. - L'armour et la mode / par R. Lécuyer. - La jeune fille au XVIIIe siècle / par A. Bellessort. - Les gazetiers et les nouvellistes / par H. Morand. - Les Parisiens aux salons de peinture / par L. Hourticq. - La douceur de vivre / par G. Lenôtre | |
| 651 | 4 |
_aParis- _xUsos y costumbres- _yS.XVIII. _9147652 |
|
| 700 | 0 |
_aHermant, Abel. _962743 |
|
| 700 | 1 |
_aFunck-Brentano, Frantz ( _d1862-1947) _953022 |
|
| 700 | 0 |
_aFranc-Nohain. _952128 |
|
| 710 | 2 |
_aMusée Carnavalet (Paris) _9163734 |
|
| 830 | 0 |
_aConférences du Musée Carnavalet _9192790 |
|
| 852 |
_aES-MaACL _jA-2814 |
||
| 999 |
_c187512 _d187512 |
||